01452nam2a22002531 4500001001100000005001700011021001900028035002600047100004100073101000800114102000700122105001800129200011200147210000900259215004700268320003800315461058800353701010300941701002501044701007001069801001801139801002201157852001901179rc\332791320260405193403.0 aRUb[72-74008] a(NLR Aleph) 007511819 a20130115d1972 |||y0rusy50 ca0 arus aRU aab z |||||0 aТ. 2f[Авт. акад. А.П. Виноградов, Удинцев Г.Б., Канаев В.Ф. и др.] d1972 a251 с., 1 л. граф.cил., карт. aСписок лит.: с. 239-249 01001rc\332791112001#$aИсследования по проблеме рифтовых зон Мирового океана$f[Отв. ред. акад. А.П. Виноградов и Г.Б. Удинцев$gВступ. статья акад. А.П. Виноградова]$gАН СССР. Ин-т океанологии им. П.П. Ширшова. Т. 1-$vТ. 2cМоскваd1972-f[Отв. ред. акад. А.П. Виноградов и Г.Б. УдинцевnНаукаtИсследования по проблеме рифтовых зон Мирового океанаvТ. 2 140708rus7caaУдинцевbГ. В.f1923-2017gГлеб Борисович3RU\NLR\AUTH\7785191 1aКанаевbВ.Ф. 1aВиноградовbА.П.gАлександр Павлович 0aRUbNLRgpsbo 1aRUbELAR2rusmarc aNLRj72-7/1302